000 00956nam0a22002531 4500
001 rc\2775994
005 20250806204756.0
035 _a(NLR Aleph) 006902284
090 _a30589
_c30589
100 _a20110915d1941 u y0rusy50 ca
101 0 _arus
102 _aRU
105 _ay z |||||
200 1 _aРуководство к практическим занятиям по секции головного мозга
_fПроф. А. Н. Натишвили. Заслуж. деят. науки ГССР
_gТбилисск. гос. мед. ин-т
210 _aТбилиси
_cГрузмедгиз
_d1941
215 _a40 с.
_d23 см.
700 1 _aНатишвили
_bА.Н.
_f1878-1959
_gАлександр Николаевич
801 0 _aRU
_bNLR
_gpsbo
801 1 _aRU
_bELAR
_2rusmarc
852 _aNLR
_jАф02 Г-6/8
942 _cBOOK
945 _aРоссийская национальная библиотека
980 _aNB
980 _aBV